Southville International School and Colleges
Your cart is empty.
  • Cart
  • Lists
    Public lists list_1 View all
    Your lists Log in to create your own lists
  • Log in to your account
  • Your cookies
  • Search history
Southville International School and Colleges
  • Advanced search
  • Recent comments
  • Most popular
  • Libraries

Log in to your account

Log in with GOOGLE


If you do not have an external account, but do have a local account, you can still log in:

  1. Home
  2. MARC view: Meeting the ethical challenges of leadership :
Normal view MARC view ISBD view

Meeting the ethical challenges of leadership : (Record no. 22451)

[ view plain ]
MARC details
000 -LEADER
fixed length control field 00852nam a2200241 a 4500
005 - DATE AND TIME OF LATEST TRANSACTION
control field 20140310183408.0
008 - FIXED-LENGTH DATA ELEMENTS--GENERAL INFORMATION
fixed length control field 121030s19uu xx 00 eng d
020 ## - INTERNATIONAL STANDARD BOOK NUMBER
International Standard Book Number 9781412982221
050 ## - LIBRARY OF CONGRESS CALL NUMBER
Classification number HM 1261
Item number .J64 2012
100 ## - MAIN ENTRY--PERSONAL NAME
Personal name Johnson, Craig E.
245 ## - TITLE STATEMENT
Title Meeting the ethical challenges of leadership :
Remainder of title casting light or shadow /
Statement of responsibility, etc Craig E. Johnson.
250 ## - EDITION STATEMENT
Edition statement 4th ed.
260 ## - PUBLICATION, DISTRIBUTION, ETC. (IMPRINT)
Place of publication, distribution, etc London, UK :
Name of publisher, distributor, etc Sage,
Date of publication, distribution, etc 2011.
300 ## - PHYSICAL DESCRIPTION
Extent 447 p. :
Other physical details ill. (some col) ;
Dimensions 23 cm.
500 ## - GENERAL NOTE
General note Includes bibliographical references and index
520 ## - SUMMARY, ETC.
Summary, etc This Fourth Edition identifies the unique ethical demands of leadership and then equips readers to meet these challenges
521 ## - TARGET AUDIENCE NOTE
Target audience note
650 ## - SUBJECT ADDED ENTRY--TOPICAL TERM
Topical term or geographic name as entry element Leadership
General subdivision Moral and ethical aspects
650 ## - SUBJECT ADDED ENTRY--TOPICAL TERM
Topical term or geographic name as entry element Crisis management
650 ## - SUBJECT ADDED ENTRY--TOPICAL TERM
Topical term or geographic name as entry element Leadership
942 ## - ADDED ENTRY ELEMENTS (KOHA)
Koha item type Books
Source of classification or shelving scheme Library of Congress Classification
Call number prefix Foreign
Holdings
Withdrawn status Lost status Source of classification or shelving scheme Damaged status Home library Current library Shelving location Date acquired Source of acquisition Cost, normal purchase price Total Checkouts Full call number Barcode Date last seen Copy number Price effective from Koha item type
    Library of Congress Classification   College Library College Library Reserve Section 10/30/2012   3308.00   HM 1261 .J64 2012 C16440 05/15/2018 1 10/10/2013 Books

Meeting the ethical challenges of leadership :

APA

Johnson C. E., . (2011). Meeting the ethical challenges of leadership. London, UK: Sage.

Chicago

Johnson Craig E, . 2011. Meeting the ethical challenges of leadership. London, UK: Sage.

Harvard

Johnson C. E., . (2011). Meeting the ethical challenges of leadership. London, UK: Sage.

MLA

Johnson Craig E, . Meeting the ethical challenges of leadership. London, UK: Sage. 2011.

  • Place hold
  • Print
  • Cite
  • Add to your cart (remove)
  • Save record
    BIBTEX Dublin Core MARCXML MARC (non-Unicode/MARC-8) MARC (Unicode/UTF-8) MARC (Unicode/UTF-8, Standard) MODS (XML) RIS
  • More searches
    Search for this title in:
    Other Libraries (WorldCat) Other Databases (Google Scholar) Online Stores (Bookfinder.com) Open Library (openlibrary.org)

Exporting to Dublin Core...

SOUTHVILLE LIBRARY

Southville International School and Colleges Library

1281 Tropical Ave. Cor. Luxembourg St., BF Homes International, Las Pinas City

Tel. No. 8256374 / 252358 Loc. 117/146

Powered by Koha